[Event "Oslo Chess Festival 2017"]
[Site "Oslo"]
[Date "2017.10.03"]
[Round "6"]
[White "Federovski, Adi"]
[Black "Grindbakken, Erik"]
[Result "1-0"]
[WhiteElo "2030"]
[BlackElo "1675"]
[Annotator "NA"]
[PlyCount "103"]
[EventDate "2017.??.??"]
[EventType "swiss"]
[EventCountry "NOR"]
[SourceTitle "playchess.com"]
[Source "ChessBase"]
[SourceQuality "1"]
[TimeControl "5400+30"]

1. e4 {[%emt 0:00:02]} e5 {[%emt 0:00:09]} 2. Nf3 {[%emt 0:00:09]} Nc6 {[%emt 0:00:08]} 3. Bb5 {[%emt 0:00:06]} a6 {[%emt 0:00:23]} 4. Ba4 {[%emt 0:00:07]} Nf6 {[%emt 0:00:12]} 5. d3 {[%emt 0:00:13]} b5 {[%emt 0:00:32]} 6. Bb3 {[%emt 0:00:05]} Be7 {[%emt 0:00:32]} 7. O-O {[%emt 0:00:11]} d6 {[%emt 0:00:37]} 8. c3 {[%emt 0:00:16]} O-O {[%emt 0:00:36]} 9. Nbd2 {[%emt 0:00:23]} Na5 {[%emt 0:00:17]} 10. Bc2 {[%emt 0:00:06]} c5 {[%emt 0:00:11]} 11. Re1 {[%emt 0:00:38]} Nc6 {[%emt 0:00:16]} 12. Nf1 {[%emt 0:00:24]} Qc7 {[%emt 0:00:19]} 13. Ne3 {[%emt 0:01:34]} h6 {[%emt 0:00:54] C90: Closed Ruy Lopez with 7...d6: Early deviations} (13... Be6 14. Ng5 h6 15. Nxe6 fxe6 16. Qf3 Rae8 17. Qh3 Bd8 18. Bd2 Qf7 19. Rf1 Qh5 20. Qxh5 Nxh5 21. a4 Bb6 22. axb5 axb5 {1-0 (33) Fedorchuk,S (2656)-Olafsson,T (2266) Reykjavik 2013}) 14. Nd5 {[%emt 0:02:40]} Qd8 {[%emt 0:01:24]} 15. h3 {[%emt 0:01:57]} Be6 {[%emt 0:00:08]} 16. Nxe7+ {[%emt 0:00:50]} Qxe7 {[%emt 0:00:40]} 17. Be3 $146 {[%emt 0:04:43]} ({Predecessor:} 17. d4 Bc8 18. dxc5 dxc5 19. Nh4 Qc7 20. Qf3 Nh7 21. Nf5 {1-0 (60) Delai,P (2042)-De Oliveira,G Curitiba 2011}) 17... Rfd8 {[%emt 0:03:41]} 18. d4 {[%emt 0:04:11]} cxd4 {[%emt 0:01:54]} 19. cxd4 {[%emt 0:00:08]} exd4 {[%emt 0:01:28]} 20. Nxd4 {[%emt 0:00:52]} Nxd4 {[%emt 0:07:32]} 21. Bxd4 {[%emt 0:04:33]} Rac8 {[%emt 0:00:47]} 22. Bb1 {[%emt 0:03:13]} Nd7 {[%emt 0:05:07]} 23. f4 {[%emt 0:03:00]} f6 {[%emt 0:02:38]} 24. Qf3 $14 {[%emt 0:05:37]} Rc4 {[%emt 0:05:31]} 25. Bf2 {[%emt 0:05:00]} Rdc8 {[%emt 0:05:48]} 26. Bd3 {[%emt 0:00:40]} R4c6 {[%emt 0:00:08]} 27. Bh4 {[%emt 0:01:16]} Qf7 {[%emt 0:09:50]} 28. a4 {[%emt 0:04:15]} bxa4 {[%emt 0:02:01]} 29. Bf2 {[%emt 0:06:06]} Bb3 {[%emt 0:01:03]} 30. Qg3 {[%emt 0:08:17]} Qe8 {[%emt 0:05:23]} 31. Kh1 {[%emt 0:02:45]} Qf7 {[%emt 0:03:48]} 32. Bd4 {[%emt 0:02:08]} Nc5 {[%emt 0:05:47]} 33. Bb1 {[%emt 0:04:27]} Ne6 {[%emt 0:00:53]} 34. Bc3 {[%emt 0:00:27]} Nc7 {[%emt 0:02:56]} 35. e5 {[%emt 0:04:59]} dxe5 {[%emt 0:00:28]} 36. Qd3 {[%emt 0:01:13]} Nb5 {[%emt 0:07:07]} 37. Qh7+ {[%emt 0:04:20]} Kf8 {[%emt 0:00:09]} 38. Bb4+ {[%emt 0:00:09]} Nd6 {[%emt 0:00:17]} 39. fxe5 {[%emt 0:00:40]} fxe5 {[%emt 0:01:02]} 40. Bd3 {[%emt 0:02:52]} Ke7 {[%emt 0:04:30]} 41. Rxe5+ {[%emt 0:00:48]} Kd7 {[%emt 0:00:28]} 42. Rf1 {[%emt 0:05:09]} Rc1 {[%emt 0:00:23]} 43. Be1 {[%emt 0:00:07]} Qg8 {[%emt 0:01:25]} 44. Bf5+ {[%emt 0:00:39]} Kc7 {[%emt 0:01:22]} 45. Re7+ {[%emt 0:02:23]} Kb8 {[%emt 0:00:25]} 46. Qg6 {[%emt 0:00:19]} R8c6 {[%emt 0:03:51]} 47. Rxg7 {[%emt 0:01:15]} Qc4 {[%emt 0:01:02]} 48. Bd3 {[%emt 0:00:35]} Qc5 {[%emt 0:01:17]} 49. Kh2 {[%emt 0:02:20]} Nc8 {[%emt 0:04:40]} 50. Bg3+ {[%emt 0:01:22]} Ka8 {[%emt 0:00:30]} 51. Rxc1 {[%emt 0:01:51]} Qxc1 {[%emt 0:02:08]} 52. Be4 {[%emt 0:00:15]} 1-0

[Event "Oslo Chess Festival 2017"]
[Site "Oslo"]
[Date "2017.10.03"]
[Round "6"]
[White "Bruaset, Eivind"]
[Black "Dolzhykova, Kateryna"]
[Result "1-0"]
[WhiteElo "2012"]
[BlackElo "2270"]
[Annotator "NA"]
[PlyCount "63"]
[EventDate "2017.??.??"]
[EventType "swiss"]
[EventCountry "NOR"]
[SourceTitle "playchess.com"]
[Source "ChessBase"]
[SourceQuality "1"]
[TimeControl "5400+30"]

1. e4 {[%emt 0:00:02]} c5 {[%emt 0:00:07]} 2. Nf3 {[%emt 0:00:06]} d6 {[%emt 0:00:04]} 3. d4 {[%emt 0:00:05]} cxd4 {[%emt 0:00:04]} 4. Nxd4 {[%emt 0:00:06]} Nf6 {[%emt 0:00:05]} 5. Nc3 {[%emt 0:00:05]} g6 {[%emt 0:00:08]} 6. Be3 {[%emt 0:00:06]} Bg7 {[%emt 0:00:06]} 7. f3 {[%emt 0:00:05]} O-O {[%emt 0:00:09]} 8. Qd2 {[%emt 0:00:05]} Nc6 {[%emt 0:00:11]} 9. O-O-O {[%emt 0:00:09]} d5 {[%emt 0:00:17]} 10. Qe1 {[%emt 0:00:14]} e5 {[%emt 0:00:09]} 11. Nxc6 {[%emt 0:00:11]} bxc6 {[%emt 0:00:04]} 12. exd5 {[%emt 0:00:07]} Nxd5 {[%emt 0:00:05]} 13. Bc4 {[%emt 0:00:09]} Be6 {[%emt 0:00:07]} 14. Ne4 {[%emt 0:00:12]} Qc7 {[%emt 0:01:54]} 15. Bc5 {[%emt 0:00:09]} Rfd8 {[%emt 0:00:08]} 16. g4 {[%emt 0:00:18]} h6 {[%emt 0:00:18] B76: Sizilianisch (Moderne Drachen-Variante)} (16... Nf4 17. Qc3 Rd4 18. Bxd4 exd4 19. Qb4 d3 20. Bxe6 Ne2+ 21. Kb1 Rb8 22. Bxf7+ Kh8 23. Qxb8+ Qxb8 24. c3 Nxc3+ 25. Nxc3 Bxc3 {1-0 (41) Svidler,P (2738)-Radjabov,T (2744) Sochi 2008}) 17. h4 {[%emt 0:00:07]} f5 {[%emt 0:03:36]} 18. gxf5 {[%emt 0:00:17]} gxf5 {[%emt 0:00:07]} 19. Ng3 {[%emt 0:00:03] [#]} e4 $146 {[%emt 0:09:20]} ({Vorgänger:} 19... Kh7 20. Rg1 Qf7 21. Bb3 a5 22. c3 Nf4 23. Bc2 Rxd1+ 24. Qxd1 {½-½ (39) Repp,H (2492)-Kiss,A (2514) ICCF email 2009}) 20. Nh5 {[%emt 0:17:37]} Bh8 $2 {[%emt 0:23:15]} (20... Nf4 21. Bxe6+ Nxe6) 21. fxe4 $18 {[%emt 0:05:30]} Qe5 {[%emt 0:27:29]} 22. Qg1+ {[%emt 0:15:08]} Kf7 {[%emt 0:01:42]} 23. Bd4 {[%emt 0:00:28]} Qxe4 {[%emt 0:07:19]} 24. Bxd5 {[%emt 0:01:20]} Rxd5 {[%emt 0:09:09]} 25. Bxh8 {[%emt 0:02:03]} Rxd1+ {[%emt 0:00:04]} 26. Kxd1 {[%emt 0:01:35]} Qf3+ {[%emt 0:00:23]} 27. Kc1 {[%emt 0:00:02]} Rg8 {[%emt 0:00:35]} 28. Qh2 {[%emt 0:10:45]} Rxh8 {[%emt 0:08:50]} 29. Qc7+ {[%emt 0:02:23]} Kg6 {[%emt 0:00:01]} 30. Nf4+ {[%emt 0:00:04]} Kf6 {[%emt 0:00:04]} 31. Re1 {[%emt 0:00:37]} Re8 {[%emt 0:05:12]} 32. Qe5+ {[%emt 0:00:16] Bc8 [%emt 00:02:20]} 1-0

[Event "Oslo Chess Festival 2017"]
[Site "Oslo"]
[Date "2017.10.03"]
[Round "6"]
[White "Lindbol, Aleksander"]
[Black "Al-Tarbosh, Ward"]
[Result "0-1"]
[WhiteElo "2006"]
[BlackElo "2270"]
[Annotator "NA"]
[PlyCount "66"]
[EventDate "2017.??.??"]
[EventType "swiss"]
[EventCountry "NOR"]
[SourceTitle "playchess.com"]
[Source "ChessBase"]
[SourceQuality "1"]
[TimeControl "5400+30"]

1. c4 {[%emt 0:00:02]} c5 {[%emt 0:00:03]} 2. Nc3 {[%emt 0:00:08]} Nc6 {[%emt 0:00:04]} 3. g3 {[%emt 0:00:05]} g6 {[%emt 0:00:11]} 4. Bg2 {[%emt 0:00:11]} Bg7 {[%emt 0:00:05]} 5. d3 {[%emt 0:02:18]} e6 {[%emt 0:00:34]} 6. Nf3 {[%emt 0:04:46]} Nge7 {[%emt 0:00:07]} 7. O-O {[%emt 0:01:39]} O-O {[%emt 0:00:42]} 8. Rb1 {[%emt 0:07:03]} d5 {[%emt 0:00:07]} 9. cxd5 {[%emt 0:01:44]} exd5 {[%emt 0:00:02]} 10. Bf4 {[%emt 0:00:27]} Qa5 {[%emt 0:08:21]} 11. Nd2 {[%emt 0:25:53]} Qd8 {[%emt 0:04:23]} 12. a3 {[%emt 0:05:23]} Be6 $11 {[%emt 0:00:19]} 13. Re1 {[%emt 0:03:47]} Rc8 {[%emt 0:02:02]} 14. Nf3 {[%emt 0:02:16]} a6 {[%emt 0:01:30]} 15. Ng5 {[%emt 0:04:59]} Bg4 {[%emt 0:00:03]} 16. f3 {[%emt 0:09:03]} Bd7 {[%emt 0:00:25]} 17. e4 {[%emt 0:04:22]} d4 {[%emt 0:01:03]} 18. Nd5 {[%emt 0:00:43]} h6 {[%emt 0:00:39]} 19. Nh3 {[%emt 0:00:32]} Nxd5 {[%emt 0:00:05]} 20. exd5 {[%emt 0:00:06]} Ne7 {[%emt 0:01:09]} 21. Qd2 {[%emt 0:04:30]} Nxd5 {[%emt 0:03:49]} 22. Bxh6 {[%emt 0:01:29]} Ne3 {[%emt 0:00:02]} 23. Bg5 {[%emt 0:02:12]} Bf6 {[%emt 0:00:49]} 24. Bh6 {[%emt 0:00:39]} Re8 {[%emt 0:00:45]} 25. Nf2 {[%emt 0:00:21]} Bg7 {[%emt 0:00:56]} 26. Bxg7 {[%emt 0:05:54]} Kxg7 {[%emt 0:01:38]} 27. Ne4 {[%emt 0:00:05]} Qe7 {[%emt 0:01:48]} 28. Rbc1 {[%emt 0:02:12]} f5 {[%emt 0:00:13]} 29. Nf2 {[%emt 0:00:50]} Qd6 {[%emt 0:03:53]} 30. Re2 {[%emt 0:04:42]} Bc6 {[%emt 0:03:39]} 31. Rce1 {[%emt 0:00:35]} f4 {[%emt 0:02:13]} 32. gxf4 {[%emt 0:01:53]} Qxf4 {[%emt 0:00:33]} 33. Nd1 {[%emt 0:05:06]} Nxg2 {[%emt 0:01:22]} 0-1

[Event "Oslo Chess Festival 2017"]
[Site "Oslo"]
[Date "2017.10.03"]
[Round "6"]
[White "Vitenberg, Noam Aviv"]
[Black "Ronneland, Daniel"]
[Result "1-0"]
[WhiteElo "1989"]
[BlackElo "2218"]
[Annotator "NA"]
[PlyCount "89"]
[EventDate "2017.??.??"]
[EventType "swiss"]
[EventCountry "NOR"]
[SourceTitle "playchess.com"]
[Source "ChessBase"]
[SourceQuality "1"]
[TimeControl "5400+30"]

1. d4 {[%emt 0:00:16]} Nf6 {[%emt 0:00:11]} 2. c4 {[%emt 0:00:09]} g6 {[%emt 0:00:06]} 3. Nc3 {[%emt 0:00:05]} Bg7 {[%emt 0:00:05]} 4. e4 {[%emt 0:00:04]} d6 {[%emt 0:00:04]} 5. Nf3 {[%emt 0:00:05]} O-O {[%emt 0:00:20]} 6. Be2 {[%emt 0:00:05]} Nbd7 {[%emt 0:00:42]} 7. Be3 {[%emt 0:00:10]} e5 {[%emt 0:01:23]} 8. O-O {[%emt 0:00:47]} c6 {[%emt 0:05:30]} 9. Qc2 {[%emt 0:08:25]} Qe7 {[%emt 0:01:17]} 10. Rfe1 {[%emt 0:08:59]} Re8 {[%emt 0:06:47]} 11. d5 {[%emt 0:15:58]} c5 {[%emt 0:00:34]} 12. Nd2 {[%emt 0:05:53]} Rf8 {[%emt 0:02:02]} 13. a3 {[%emt 0:01:45]} Ne8 {[%emt 0:01:37]} 14. Bd3 {[%emt 0:02:23]} Ndf6 $16 {[%emt 0:02:01]} 15. Bg5 {[%emt 0:11:51]} h6 {[%emt 0:00:33]} 16. Bh4 {[%emt 0:00:10]} g5 {[%emt 0:04:14]} 17. Bg3 {[%emt 0:00:08]} h5 {[%emt 0:00:52]} 18. f3 {[%emt 0:02:37]} Bh6 {[%emt 0:05:58]} 19. b4 {[%emt 0:03:27]} b6 {[%emt 0:00:44]} 20. Rab1 {[%emt 0:01:58]} Nh7 {[%emt 0:06:01]} 21. Rb2 {[%emt 0:05:15]} g4 {[%emt 0:04:59]} 22. fxg4 {[%emt 0:02:42]} Bxg4 {[%emt 0:02:15]} 23. Nd1 {[%emt 0:03:58]} Kh8 {[%emt 0:10:02]} 24. Ne3 {[%emt 0:01:47]} Bxe3+ {[%emt 0:08:42]} 25. Rxe3 {[%emt 0:00:03]} Rg8 {[%emt 0:03:05]} 26. Kh1 {[%emt 0:07:39]} Qg5 {[%emt 0:00:39]} 27. Nf1 {[%emt 0:01:56]} h4 {[%emt 0:12:50]} 28. Be1 {[%emt 0:00:34]} Rg6 {[%emt 0:00:17]} 29. h3 {[%emt 0:01:45]} Bd7 {[%emt 0:01:31]} 30. Rf3 {[%emt 0:03:00]} cxb4 {[%emt 0:04:15]} 31. axb4 {[%emt 0:00:36]} a5 {[%emt 0:00:27]} 32. Qf2 {[%emt 0:02:36]} Nef6 {[%emt 0:03:21]} 33. bxa5 {[%emt 0:03:42]} bxa5 {[%emt 0:00:35]} 34. Qxh4 {[%emt 0:00:10]} Qc1 {[%emt 0:00:27]} 35. Rb1 {[%emt 0:00:49]} Qa3 {[%emt 0:01:20]} 36. Qf2 {[%emt 0:01:50]} Kg7 {[%emt 0:01:21]} 37. Bd2 {[%emt 0:01:19]} Rg8 {[%emt 0:04:54]} 38. Bc1 {[%emt 0:01:24]} Qa4 {[%emt 0:00:47]} 39. Ne3 {[%emt 0:00:52]} Kh8 {[%emt 0:01:37]} 40. Bc2 {[%emt 0:01:25]} Qa2 {[%emt 0:00:30]} 41. g4 {[%emt 0:02:16]} Ng5 {[%emt 0:02:18]} 42. Rxf6 {[%emt 0:00:30]} Nxh3 {[%emt 0:00:11]} 43. Qh4+ {[%emt 0:00:17]} Kg7 {[%emt 0:00:06]} 44. Rxg6+ {[%emt 0:00:28]} fxg6 {[%emt 0:00:34]} 45. Rb7 {[%emt 0:00:30]} 1-0

[Event "Oslo Chess Festival 2017"]
[Site "Oslo"]
[Date "2017.10.03"]
[Round "6"]
[White "Khoo-Thwe, Louis"]
[Black "Rishovd, Svein"]
[Result "0-1"]
[WhiteElo "1653"]
[BlackElo "2109"]
[Annotator "ChessBase"]
[PlyCount "130"]
[EventDate "2017.??.??"]
[EventType "swiss"]
[EventCountry "NOR"]
[SourceTitle "playchess.com"]
[Source "ChessBase"]
[SourceQuality "1"]
[TimeControl "5400+30"]

1. e4 {[%emt 0:00:01]} e6 {[%emt 0:01:15]} 2. d4 {[%emt 0:00:14]} d5 {[%emt 0:00:05]} 3. Nc3 {[%emt 0:00:11]} Bb4 {[%emt 0:01:18]} 4. e5 {[%emt 0:00:38]} c5 {[%emt 0:00:24]} 5. f4 {[%emt 0:01:49]} Ne7 {[%emt 0:06:33]} 6. a3 {[%emt 0:02:26]} Ba5 {[%emt 0:01:02]} 7. dxc5 {[%emt 0:01:50]} Bxc3+ {[%emt 0:00:20]} 8. bxc3 {[%emt 0:00:09]} Nd7 {[%emt 0:05:59]} 9. Bb5 {[%emt 0:03:15]} Qa5 {[%emt 0:02:21]} 10. a4 {[%emt 0:02:04]} Qxc3+ {[%emt 0:02:43]} 11. Bd2 {[%emt 0:00:06]} Qxc5 {[%emt 0:01:29]} 12. Rb1 {[%emt 0:03:10]} Nc6 {[%emt 0:05:52]} 13. Ne2 {[%emt 0:01:39]} a5 {[%emt 0:14:11]} 14. c4 {[%emt 0:09:40]} O-O {[%emt 0:02:48]} 15. Qc1 {[%emt 0:02:45]} d4 {[%emt 0:11:41]} 16. Ng3 {[%emt 0:03:57]} Ncxe5 {[%emt 0:03:18]} 17. fxe5 {[%emt 0:01:28]} Qxe5+ {[%emt 0:00:17]} 18. Kd1 {[%emt 0:00:49]} Nf6 {[%emt 0:03:52]} 19. Bf4 {[%emt 0:01:24]} Qc5 {[%emt 0:00:02]} 20. Re1 {[%emt 0:00:33]} Ng4 {[%emt 0:04:41]} 21. h3 {[%emt 0:02:37]} e5 {[%emt 0:06:56]} 22. Ne4 {[%emt 0:03:30]} Qc7 {[%emt 0:01:11]} 23. Bd2 {[%emt 0:00:55]} f5 {[%emt 0:03:56]} 24. Ng5 {[%emt 0:04:34]} Nf2+ {[%emt 0:04:52]} 25. Ke2 {[%emt 0:01:49]} Ne4 {[%emt 0:00:20]} 26. Nxe4 {[%emt 0:02:25]} fxe4 {[%emt 0:00:02]} 27. c5 {[%emt 0:00:28]} e3 {[%emt 0:01:08]} 28. Qc4+ {[%emt 0:00:47]} Kh8 {[%emt 0:00:02]} 29. Bc1 {[%emt 0:00:14]} Bf5 {[%emt 0:00:24]} 30. Rb2 {[%emt 0:00:32]} Rac8 {[%emt 0:01:56]} 31. Rf1 {[%emt 0:01:30]} Qxc5 {[%emt 0:02:29]} 32. Qxc5 {[%emt 0:00:13]} Rxc5 {[%emt 0:00:16]} 33. g4 {[%emt 0:00:06]} Bxg4+ {[%emt 0:00:24]} 34. hxg4 {[%emt 0:00:10]} Rxf1 {[%emt 0:00:11]} 35. Kxf1 {[%emt 0:00:05]} Rxc1+ {[%emt 0:00:08]} 36. Ke2 {[%emt 0:00:09]} e4 {[%emt 0:01:17]} 37. Ba6 {[%emt 0:00:27]} Rh1 {[%emt 0:06:17]} 38. Rxb7 {[%emt 0:00:29]} Rh2+ {[%emt 0:00:09]} 39. Kf1 {[%emt 0:00:21]} h5 {[%emt 0:01:40]} 40. g5 {[%emt 0:00:37]} Kh7 {[%emt 0:00:32]} 41. Re7 {[%emt 0:03:35]} Ra2 {[%emt 0:03:05]} 42. Rxe4 {[%emt 0:01:15]} Rxa4 {[%emt 0:00:07]} 43. Bd3 {[%emt 0:00:06]} Ra1+ {[%emt 0:00:45]} 44. Kg2 {[%emt 0:00:14]} Kg6 {[%emt 0:00:45]} 45. Re5+ {[%emt 0:00:36]} Kf7 {[%emt 0:00:14]} 46. g6+ {[%emt 0:00:10]} Kf6 {[%emt 0:00:55]} 47. Rf5+ {[%emt 0:00:08]} Ke6 {[%emt 0:00:21]} 48. Rxh5 {[%emt 0:00:31]} Rd1 {[%emt 0:00:39]} 49. Be2 {[%emt 0:00:16]} Rd2 {[%emt 0:00:46]} 50. Kf1 {[%emt 0:00:14]} d3 {[%emt 0:00:41]} 51. Bg4+ {[%emt 0:00:14]} Kf6 {[%emt 0:00:40]} 52. Rxa5 {[%emt 0:01:44]} Kxg6 {[%emt 0:01:04]} 53. Re5 {[%emt 0:02:17]} e2+ {[%emt 0:00:56]} 54. Bxe2 {[%emt 0:00:24]} dxe2+ {[%emt 0:00:59]} 55. Rxe2 {[%emt 0:00:07]} Rxe2 {[%emt 0:00:23]} 56. Kxe2 {[%emt 0:00:04]} Kg5 {[%emt 0:00:21]} 57. Kf1 {[%emt 0:00:24]} Kh4 {[%emt 0:00:18]} 58. Kf2 {[%emt 0:00:13]} Kh3 {[%emt 0:00:15]} 59. Kg1 {[%emt 0:00:07]} Kg3 {[%emt 0:00:46]} 60. Kf1 {[%emt 0:00:44]} g5 {[%emt 0:00:36]} 61. Ke2 {[%emt 0:00:54]} g4 {[%emt 0:00:15]} 62. Kf1 {[%emt 0:00:28]} Kh2 {[%emt 0:00:06]} 63. Ke2 {[%emt 0:00:08]} g3 {[%emt 0:00:05]} 64. Kd3 {[%emt 0:00:16]} g2 {[%emt 0:00:07]} 65. Ke4 {[%emt 0:00:05]} g1=Q {[%emt 0:00:08]} 0-1